• 首页
  • 本馆介绍
  • 公告通知
  • 最新文献
  • 馆藏检索
  • 电子资源
  • 读者导购
  • 参考咨询
  • 我的图书馆
  • 登录
  • 详细信息显示
  • 放入我的书架
  • 预约/预借图书
  • 作者相关作品
  • 分类相关作品
  • 丛书相关作品
  • 出版社相关作品

书目信息

  • 表格格式
  • 工作单格式
  • 卡片格式
题名:
死亡文化史
    
 
作者: 沃维尔 著 ;高凌瀚 , 蔡锦涛 译
分册:  
出版信息: 北京   中国人民大学出版社  2004
页数: 15,12,19,759页
开本: 24cm
丛书名: 朗朗书房
单 册:
中图分类: B085 , B085
科图分类:
主题词: 死亡--文化--研究 , 文化 , 哲学学派 , 哲学学派--研究
电子资源:
ISBN: 7-300-05486-2
000 01858nam0 2200445 450
000 01821nam0 2200433 450
000 01708nam0 2200397 450
000 01654nam0 2200373 450
000 01650nam0 2200361 450
000 01613nam0 2200349 45
001 TS2006028201
005 20061226161734.59
010    @a7-300-05486-2@dCNY60.00
100    @a20060829d2004 em y0chiy0110 ea
101 1  @achi@cfre
102    @aCN@b110000
105    @aa z 000yy
200 1  @a死亡文化史@ASi Wang Wen Hua Shi@e用插图诠释1300年以来死亡文化的历史@EYong Cha Tu Quan Shi 1300 Nian Yi Lai Si Wang Wen Hua De Li Shi@f(法)米歇尔·沃维尔(Michel Vovelle)著@F( Fa ) Mi Xie Er· Wo Wei Er (Michel Vovelle) Zhu@g高凌瀚,蔡锦涛译
210    @a北京@c中国人民大学出版社@d2004
215    @a15,12,19,759页@c插图@d24cm
225 2  @a朗朗书房@i西方文化大众精品书系@v5
308    @a丛书第一辑
330    @a本书作者提出了一个完整的、具有权威性的西方死亡史图景:从中世纪黑死病肆虐开始,人们对死亡的认识经过了巴罗克式的大规模仪式的死,自然哲学的“明智”的死,复古派的“英雄”式的死、立遗嘱的“市民阶层”的死,最后进入现代的对死的禁忌。
410  0 @12001 @a西方文化大众精品书系@v5
510 1  @aLa Mort et L'occident de 1300 a Nos Jours@zfre
517 1  @a用插图诠释1300年以来死亡文化的历史@AYong Cha Tu Quan Shi 1300 Nian Yi Lai Si Wang Wen Hua De Li Shi
606 0  @a死亡@x文化@x研究
606 0  @a文化
606 0  @a哲学学派
606 0  @a哲学学派@x研究
690    @aB085@v4
690    @aB085@v3
701  1 @a沃维尔@AWo Wei Er@b米歇尔@g(Vovelle, Michel)@4著
702  0 @a高凌瀚@AGao Ling Han@4译
702  0 @a蔡锦涛@ACai Jin Tao@4译
801  0 @aCN@b中图数据@c20061226
905    @a10447@dB085@e34
905    @a10447@dB085@e34
    
    死亡文化史:用插图诠释1300年以来死亡文化的历史/(法)米歇尔·沃维尔(Michel Vovelle)著/高凌瀚,蔡锦涛译.-北京:中国人民大学出版社,2004
    15,12,19,759页:插图;24cm.-(朗朗书房.西方文化大众精品书系;5)
    
    
    ISBN 7-300-05486-2:CNY60.00
    本书作者提出了一个完整的、具有权威性的西方死亡史图景:从中世纪黑死病肆虐开始,人们对死亡的认识经过了巴罗克式的大规模仪式的死,自然哲学的“明智”的死,复古派的“英雄”式的死、立遗嘱的“市民阶层”的死,最后进入现代的对死的禁忌。
●
相关链接 在E读中查询图书 在五车中查询图书 在当当中查询图书 在豆瓣中查询图书


正题名:死亡文化史     索取号:B085/34         预约/预借

序号 登录号 条形码 馆藏地/架位号 状态 备注
1 0602603   206026030   第一样本阅览室/ [索取号:B085/34] 在馆    
2 0602604   206026049   第一借阅区/ [索取号:B085/34] 在馆    
3 0602605   206026058   第一借阅区/ [索取号:B085/34] 在馆    
唐山师范学院图书馆 欢迎您!
大连网信软件有限公司© 版权所有